| 000 | 01054cam a2200337 i 4500 | ||
|---|---|---|---|
| 001 | 200448690 | ||
| 999 |
_c200448690 _d66902 |
||
| 003 | TR-AnTOB | ||
| 005 | 20240925073651.0 | ||
| 007 | ta | ||
| 008 | 151005m20112008tu 1 d tu | ||
| 020 | _a9789756070505 | ||
| 040 |
_aDLC _beng _erda _cTR-AnTOB _dTR-AnTOB |
||
| 041 | 1 |
_atur _hrus |
|
| 050 | 1 | 4 |
_aPG3327.T9 _bZ3719 2011 |
| 090 |
_aPG3327.T9 _bZ3719 2011 |
||
| 100 | 1 |
_aDostoyevsky, Fyodor, _d1821-1881 _eauthor _9116944 |
|
| 240 | 1 | 0 |
_aZapiski iz podpolʹi︠a︡ _lTurkish. |
| 245 | 1 | 0 |
_aYeraltından notlar / _cFyodor Dostoyevski ; çeviren Nurşen Özkan. |
| 250 | _aDördüncü baskı: Haziran 2011 | ||
| 264 | 1 |
_aİzmir : _bİlya Yayınları, _c2011. |
|
| 300 |
_a161 pages ; _c20 cm |
||
| 336 |
_atext _2rdacontent _btxt |
||
| 337 |
_aunmediated _2rdamedia _bn |
||
| 338 |
_avolume _2rdacarrier _bnc |
||
| 490 | 0 |
_aİlya Yayınları ; _v110 |
|
| 650 | 0 |
_aRus romanı _916149 |
|
| 650 | 0 |
_aRus edebiyatı _2etuturkob _928109 |
|
| 700 | 1 |
_aÖzkan, Nurşen _eauthor _9136812 |
|
| 942 |
_cBK _2lcc |
||